<?xml version="1.0" encoding="UTF-8"?><?xml-stylesheet type="text/xsl" href="static/style.xsl"?><OAI-PMH xmlns="http://www.openarchives.org/OAI/2.0/" xmlns:xsi="http://www.w3.org/2001/XMLSchema-instance" xsi:schemaLocation="http://www.openarchives.org/OAI/2.0/ http://www.openarchives.org/OAI/2.0/OAI-PMH.xsd"><responseDate>2026-04-13T01:08:35Z</responseDate><request verb="GetRecord" identifier="oai:www.recercat.cat:2117/443941" metadataPrefix="marc">https://recercat.cat/oai/request</request><GetRecord><record><header><identifier>oai:recercat.cat:2117/443941</identifier><datestamp>2026-01-31T01:25:00Z</datestamp><setSpec>com_2072_1033</setSpec><setSpec>col_2072_452950</setSpec></header><metadata><record xmlns="http://www.loc.gov/MARC21/slim" xmlns:dcterms="http://purl.org/dc/terms/" xmlns:xsi="http://www.w3.org/2001/XMLSchema-instance" xmlns:doc="http://www.lyncode.com/xoai" xsi:schemaLocation="http://www.loc.gov/MARC21/slim http://www.loc.gov/standards/marcxml/schema/MARC21slim.xsd">
   <leader>00925njm 22002777a 4500</leader>
   <datafield ind2=" " ind1=" " tag="042">
      <subfield code="a">dc</subfield>
   </datafield>
   <datafield ind2=" " ind1=" " tag="720">
      <subfield code="a">Garcia Ramonda, Larisa</subfield>
      <subfield code="e">author</subfield>
   </datafield>
   <datafield ind2=" " ind1=" " tag="720">
      <subfield code="a">Bogoevska, Simona</subfield>
      <subfield code="e">author</subfield>
   </datafield>
   <datafield ind2=" " ind1=" " tag="720">
      <subfield code="a">Reuland, Yves</subfield>
      <subfield code="e">author</subfield>
   </datafield>
   <datafield ind2=" " ind1=" " tag="720">
      <subfield code="a">Martakis, Panagiotis</subfield>
      <subfield code="e">author</subfield>
   </datafield>
   <datafield ind2=" " ind1=" " tag="720">
      <subfield code="a">Dertimanis, Vasilis</subfield>
      <subfield code="e">author</subfield>
   </datafield>
   <datafield ind2=" " ind1=" " tag="720">
      <subfield code="a">Chatzi, Eleni</subfield>
      <subfield code="e">author</subfield>
   </datafield>
   <datafield ind2=" " ind1=" " tag="260">
      <subfield code="c">2025-10-11</subfield>
   </datafield>
   <datafield ind2=" " ind1=" " tag="520">
      <subfield code="a">This material may be downloaded for personal use only. Any other use requires prior permission of the American Society of Civil Engineers. This material may be found at https://ascelibrary.org/doi/abs/10.1061/JSENDH.STENG-15086</subfield>
   </datafield>
   <datafield ind2=" " ind1=" " tag="520">
      <subfield code="a">In addressing the challenge of ageing infrastructure, continuous structural monitoring has figured prominently in the development of tools for risk management and life-cycle prognostic strategies. However, a primary challenge lies in robustly quantifying structural condition using, typically indirect, monitoring observations. In recent years, a vast number of various data-driven or hybrid analysis methods have been proposed, targeting different levels of the so-called Rytter’s hierarchy of damage identification. The more advanced identification tasks, relating to a more precise characterization (e.g., location and quantity) of damage are nontrivial to address. A primary difficulty in this respect relates to lack of labelled data corresponding to predefined damage states of the structure of interest. This implies that for most practical contexts, such structural identification ought to be achieved in an unsupervised manner. This work presents a new full-scale bridge experimental benchmark which can serve as a case study for verification and validation of damage identification schemes. The Ponte Moesa Campagnola (PMC) benchmark structure, which was decommissioned in 2019, represents a typical bridge structure of the Swiss Roadway Network. The bridge was subjected to a 4-day monitoring campaign, during which controlled damage progression scenarios were implemented. The monitored quantities comprised a multimodal mix of both acceleration and strain information, continually recorded during the 4-day campaign. The reported results demonstrate the potential of this data set to serve for structural identification and damage detection (DD) purposes. To this end, we present—merely as a viability study—the successful implementation of three damage-sensitive features (DSFs). The goal was to describe the data set and introduce it for further study, testing, and validation of emerging DD algorithms tailored for full-scale structural health monitoring (SHM) utilization.</subfield>
   </datafield>
   <datafield ind2=" " ind1=" " tag="520">
      <subfield code="a">The authors greatly acknowledge the support of the Swiss Federal Roads Ofice (ASTRA/FEDRO) for conception and support of this project. We further thank ETH Zürich IBK Bauhalle team, and Dominik Werne and Christoph Gisler in particular, for their strong support during the prepara545 tion and execution of the measurements. In addition, the support of Dr. Konstantinos Vlachas, Dr. Lingzhen Li and Dr. Rachele Zaccherini, member of the Chair of Structural Mechanics and Monitoring at ETH Zürich, is thankfully acknowledged. The first author gratefully acknowledges the European Union – NextGeneration EU for the financial support through the Margarita Salas postdoctoral grant (CG/2021/03/23).</subfield>
   </datafield>
   <datafield ind2=" " ind1=" " tag="520">
      <subfield code="a">11 - Ciutats i Comunitats Sostenibles</subfield>
   </datafield>
   <datafield ind2=" " ind1=" " tag="520">
      <subfield code="a">9 - Indústria, Innovació i Infraestructura</subfield>
   </datafield>
   <datafield ind2=" " ind1=" " tag="520">
      <subfield code="a">13 - Acció per al Clima</subfield>
   </datafield>
   <datafield ind2=" " ind1=" " tag="520">
      <subfield code="a">Postprint (published version)</subfield>
   </datafield>
   <datafield tag="653" ind2=" " ind1=" ">
      <subfield code="a">Àrees temàtiques de la UPC::Enginyeria civil::Materials i estructures::Càlcul d'estructures</subfield>
   </datafield>
   <datafield tag="653" ind2=" " ind1=" ">
      <subfield code="a">Structural condition</subfield>
   </datafield>
   <datafield tag="653" ind2=" " ind1=" ">
      <subfield code="a">Hybrid analysis methods</subfield>
   </datafield>
   <datafield tag="653" ind2=" " ind1=" ">
      <subfield code="a">Damages</subfield>
   </datafield>
   <datafield tag="653" ind2=" " ind1=" ">
      <subfield code="a">Bridge structures</subfield>
   </datafield>
   <datafield ind2="0" ind1="0" tag="245">
      <subfield code="a">Ponte Moesa Campagnola: a bridge benchmark for structural identification under controlled damage progression</subfield>
   </datafield>
</record></metadata></record></GetRecord></OAI-PMH>